Preguntas y respuestas de derecho administrativo y general colombiano / (Registro nro. 30835)

Detalles MARC
000 -LEADER
fixed length control field 01172nam a2200253Ia 4500
003 - CONTROL NUMBER IDENTIFIER
control field CO-CtgCURN
005 - DATE AND TIME OF LATEST TRANSACTION
control field 20250410184727.0
008 - FIXED-LENGTH DATA ELEMENTS--GENERAL INFORMATION
fixed length control field 231012s9999 xx 000 0 und d
020 ## - INTERNATIONAL STANDARD BOOK NUMBER
International Standard Book Number 9586762866
040 ## - CATALOGING SOURCE
Original cataloging agency CO-CtgCURN
Language of cataloging spa
Transcribing agency coctgcurn
082 ## - DEWEY DECIMAL CLASSIFICATION NUMBER
Classification number 342.06
Item number O42
100 ## - MAIN ENTRY--PERSONAL NAME
Personal name Olano García, Hernan Alejandro
Relator term autor
9 (RLIN) 8629
245 #0 - TITLE STATEMENT
Title Preguntas y respuestas de derecho administrativo y general colombiano /
Statement of responsibility, etc. Hernan Alejandro Olano García
260 ## - PUBLICATION, DISTRIBUTION, ETC.
Place of publication, distribution, etc. Bogotá, Colombia :
Name of publisher, distributor, etc. Ediciones Doctrina y Ley,
Date of publication, distribution, etc. 2005
300 ## - PHYSICAL DESCRIPTION
Extent 458 páginas ;
Dimensions 21 centímetros
500 ## - GENERAL NOTE
General note Incluye índice
504 ## - BIBLIOGRAPHY, ETC. NOTE
Bibliography, etc. note Incluye referencias bibliográficas (p. [417]-432)
505 ## - FORMATTED CONTENTS NOTE
Formatted contents note Preguntas de derecho administrativo general y colombiano -- Respuesta de derecho administración general y colombiano -- Casos de derecho administrativo colombiano -- Recursos biblikograficos y sitios de internet útiles para el derecho público
521 ## - TARGET AUDIENCE NOTE
Target audience note AREA PROFESIONAL
590 ## - LOCAL NOTE (RLIN)
Local note Programa de Derecho _18
650 ## - SUBJECT ADDED ENTRY--TOPICAL TERM
Topical term or geographic name entry element Derecho administrativo
Geographic subdivision Colombia
9 (RLIN) 8630
942 ## - ADDED ENTRY ELEMENTS (KOHA)
Koha item type Libros
Classification part 342.06
Item part O42
Source of classification or shelving scheme Dewey Decimal Classification
Suppress in OPAC No
Existencias
Withdrawn status Lost status Source of classification or shelving scheme Damaged status Not for loan Collection Home library Current library Shelving location Date acquired Source of acquisition Inventory number Total checkouts Full call number Barcode Date last seen Copy number Price effective from Koha item type Public note
    Dewey Decimal Classification       Miguel Henríquez Castañeda Barranquilla Miguel Henríquez Castañeda Barranquilla General 10/12/2023 Donación IIP 2023 05316   342.06 O42 05316 10/12/2023 ej.1 10/12/2023 Libros Donación IIP 2023